[Event "Penang op-A 5th"]
[Site "Penang"]
[Date "2013.12.13"]
[Round "8"]
[White "Ooi, Yen Hoe"]
[Black "Angela, Natasha Renggalis"]
[Result "1/2-1/2"]
[WhiteElo "1678"]
[BlackElo "1788"]
[PlyCount "71"]
[EventDate "2013.12.09"]
[EventType "swiss"]
[EventRounds "9"]
[EventCountry "MAS"]
[SourceTitle "CBM 157 Extra"]
[Source "ChessBase"]
[SourceDate "2013.12.19"]
[SourceVersion "1"]
[SourceVersionDate "2013.12.19"]
[SourceQuality "1"]

1. e4 c5 2. Nf3 d6 3. d4 cxd4 4. Nxd4 Nf6 5. Nc3 g6 6. Be3 Bg7 7. Bc4 0-0 8. f3 Nc6 9. Qd2 Bd7 10. 0-0-0 Rc8 11. Be2 Ne5 12. Kb1 Nc4 13. Bxc4 Rxc4 14. g4 b5 15. h4 h5 16. gxh5 Nxh5 17. Nce2 Qc7 18. Bh6 Bh8 19. Nf5 Be6 20. Bxf8 Kxf8 21. Rdg1 Bf6 22. Nfg3 Nxg3 23. Rxg3 Qc6 24. h5 g5 25. h6 Ra4 26. h7 Bh8 27. Rxg5 Bxa2+ 28. Kc1 f6 29. Rg8+ Bxg8 30. Qh6+ Bg7 31. Qxg7+ Kxg7 32. h8Q+ Kf7 33. Qh5+ Kf8 34. Qh6+ Kf7 35. Qh5+ Kf8 36. Qh6+ 1/2-1/2

[Event "Penang op 4th"]
[Site "Penang"]
[Date "2012.12.14"]
[Round "7"]
[White "Ooi, Yen Hoe"]
[Black "Bagamasbad, Efren"]
[Result "0-1"]
[WhiteElo "1674"]
[BlackElo "2174"]
[PlyCount "83"]
[EventDate "2012.12.11"]
[EventType "swiss"]
[EventRounds "9"]
[EventCountry "MAS"]
[SourceTitle "EXT 2014"]
[Source "ChessBase"]
[SourceDate "2013.11.20"]
[SourceVersion "1"]
[SourceVersionDate "2013.11.20"]
[SourceQuality "1"]

1. e4 c5 2. Nf3 g6 3. d4 cxd4 4. Nxd4 Nc6 5. c4 Nf6 6. Nc3 d6 7. Be2 Nxd4 8. Qxd4 Bg7 9. Qd1 0-0 10. 0-0 Be6 11. Rb1 Rc8 12. b3 a6 13. Bb2 Nd7 14. Nd5 Nc5 15. Bxg7 Kxg7 16. Bf3 b5 17. Qd4+ f6 18. Rfd1 Bg8 19. Ne3 Qb6 20. Nd5 Qd8 21. Ne3 bxc4 22. bxc4 Rb8 23. Nd5 Bxd5 24. exd5 Qc7 25. Qe3 Rxb1 26. Rxb1 Ra8 27. Re1 Ra7 28. Bd1 Rb7 29. Bb3 a5 30. h3 Qb6 31. Rb1 Qc7 32. Re1 Qd7 33. Kh2 Qf5 34. Kg1 Qd3 35. Qxd3 Nxd3 36. Re3 Nc5 37. Kf1 Kf7 38. Ke2 a4 39. Bd1 Rb2+ 40. Ke1 Rxa2 41. g3 f5 42. g4 0-1